[Event "SVK-chT1E 0809"]
[Site "Slovakia"]
[Date "2009.02.08"]
[Round "9.3"]
[White "Ligart, Tamas"]
[Black "Papanetz, Peter"]
[Result "1/2-1/2"]
[WhiteElo "2247"]
[BlackElo "2271"]
[PlyCount "37"]
[EventDate "2008.10.18"]
[EventType "team-tourn"]
[EventRounds "11"]
[EventCountry "SVK"]
[SourceTitle "EXT 2010"]
[Source "ChessBase"]
[SourceDate "2010.11.25"]
[SourceVersion "1"]
[SourceVersionDate "2010.11.25"]
[SourceQuality "1"]
[WhiteTeam "Svit SO"]
[BlackTeam "Filakovo"]
[WhiteTeamCountry "SVK"]
[BlackTeamCountry "SVK"]

1. e4 c5 2. Nf3 Nc6 3. Bb5 e6 4. 0-0 Nge7 5. b3 a6 6. Bxc6 Nxc6 7. Bb2 d6 8. d4 cxd4 9. Nxd4 Bd7 10. c4 Be7 11. Nc3 0-0 12. Re1 Re8 13. Nxc6 Bxc6 14. Qd3 Qc7 15. Qg3 Bf8 16. Rad1 Rac8 17. Re3 b5 18. Qh4 bxc4 19. bxc4 1/2-1/2